Дело о дозволении иметь на вывеске государственный герб красильщикам материй Руссель и Мари, и инструментальному мастеру Орлову

Доступно только в Электронных читальных залах Найти на картеНа карте
RUSMARC
00003775nmc2a22000003x 450
001b03ca0d6-5a28-42c3-8ef1-751244e37084
00520181225221338.0
100##$a20170627l18461846k l0rusy0189 ca
1010#$arus
102##$aRU
2001#$aДело о дозволении иметь на вывеске государственный герб красильщикам материй Руссель и Мари, и инструментальному мастеру Орлову
$jмарт - 26 июня 1846 г.
251##$cДело
300##$aПо Московской дирекции за 1846 год
300##$aПри московских театрах
801#0$aRU
$bРГИА
$c20170627
$gRCR
801#1$aRU
$bГлавНИВЦ
$c20170627
$2rusmarc
801#2$aRU
$bПБ им. Б.Н. Ельцина
$c20181225
$gRCR
$2rusmarc
850##$aРГИА
852##$aРГИА
$eФедеральное казенное учреждение "Российский государственный исторический архив" (РГИА)
$j10997
937##$hРГИА
$d12247462
$aASBIBLIO_SCAN
462#0$1001dd3991dc-24e1-42ec-8838-ca4255420416
$12001
$a1746-1850 гг.
$1251
$cОпись
$1852
$j1
461#0$10019264ebf8-de62-4f1a-9eb4-9f22098dbbd5
$12001
$aДирекция императорских театров МИДв
$1251
$cФонд
$1852
$j497
215##$a8 л.
$d36,5х26 см
371##$aДокумент не является опубликованным и широко распространяемым
105##$ay###
1222#$ad
035##$ab03ca0d6-5a28-42c3-8ef1-751244e37084
856##$uhttp://readingroom.main.prlib.ru/item.aspx?id_node=n122379664&mode=full
Формат отображения